000 00476cam a22002054a 4500
005 20250605164259.0
008 250528s ||||||||||||||||||||||||d
035 _a21994
020 _a9780749450212
040 _aGR-AtMCL
_bgre
_dGR-AtMCL
_eAACR2
245 1 _aSALES PROMOTION
250 _a4
260 _bKogan Page,
_c2008
300 _a300
700 1 _aCummins Julian
_92084
700 1 _aMullin Roddy
_97871
942 _cBK
999 _c7050
_d7050